Duchonka rekreačná oblasť v Topoľčianskom okrese

Zobrazenie: Štyri čiastkové pohľady, každý v bielom orámovaní. Všetky spolu v bielo-striebornom orámovaní. Vpravo hore je vodorovne zeleným písmom názov. Pohľad zhora na široký piesočný breh na okraji vodnej nádrže, ktorú vidno vpravo za ním. Na brehu aj vo vode je množstvo ľudí. V pozadí je hustý l...

Full description

Bibliographic Details
Other Authors: Ondrejkovič, Ivan, 1935-1998 (Photographer)
Format: Photo
Language:Slovak
PhysicalDescription:1 pohľadnica (4 čiastkové pohľady) farebná 11 x 15 cm
Published: Bratislava ČSTK-Pressfoto 1991
Subjects:

MARC

LEADER 00000ckm a2200000 a 4500
001 vtls001210939
003 SK-MaSNL
005 20260331203607.0
007 kf co
008 180703s1991 xo g 0kuslo
015 |a SNBG1991 
035 |a SNK000154013 
040 |a SNK  |b slo  |c SNK  |e AACR2 
041 0 |a slo 
043 |a e-xo--- 
044 |a xo  |c SK 
072 7 |a 908(437)  |x Vlastiveda Česka a Slovenska  |2 konspekt 
080 |a 913(437.6)  |2 2011 
080 |a 908(437.6)  |2 2011 
080 |a (084.121)  |2 2011 
080 |a 627.81  |2 2011 
080 |a 630*10  |2 2011 
080 |a 711.455.8  |2 2011 
080 |a 711.582.7  |2 2011 
080 |a 629.97  |2 2011 
080 |a 797.148  |2 2011 
100 1 |a Ondrejkovič, Ivan,  |d 1935-1998  |4 pht  |9 7599 
245 1 0 |a Duchonka  |h grafika  |b rekreačná oblasť v Topoľčianskom okrese  |c foto I. Ondrejkovič ; grafický návrh Ľ. Rázusová 
246 1 |i Názov na obrazovej časti:  |a Duchonka 
260 |a Bratislava  |b ČSTK-Pressfoto  |c 1991  |e Skalica  |f Grafobal 
300 |a 1 pohľadnica (4 čiastkové pohľady)  |b farebná  |c 11 x 15 cm 
500 |a Na adresnej časti uvedené: "Foto © Ing. I. Ondrejkovič" 
500 |a Na adresnej časti uvedené: "Grafický návrh © Ľ. Rázusová" 
520 8 |a Zobrazenie: Štyri čiastkové pohľady, každý v bielom orámovaní. Všetky spolu v bielo-striebornom orámovaní. Vpravo hore je vodorovne zeleným písmom názov. Pohľad zhora na široký piesočný breh na okraji vodnej nádrže, ktorú vidno vpravo za ním. Na brehu aj vo vode je množstvo ľudí. V pozadí je hustý les. Pohľad na autokemping. V popredí sú stany, pred nimi sedia za záhradným stolom na stoličkách niekoľkí ľudia. V pozadí sú vysoké a husté brezy. Pohľad na trávnatý výbežok vo vodnej nádrži, na ktorom sú vysoké brezy. Na tráve sa opaľuje niekoľko ľudí. Vpravo sú na okraji vodnej nádrže dva člny. Pohľad na vodnú nádrž, vo vode sú dva windsurfingy. Vľavo aj vpravo v pozadí sú zalesnené brehy 
650 0 7 |a vodné nádrže  |2 SNKPH  |9 4190 
650 0 7 |a lesy  |2 SNKPH  |9 1437 
650 0 7 |a autokempingy  |2 SNKPH  |9 784 
650 0 7 |a lode  |2 SNKPH  |9 28713 
650 0 7 |a windsurfing  |2 SNKPH  |9 25829 
650 0 7 |a rekreačné oblasti  |2 SNKPH  |9 69057 
651 7 |a Duchonka (Slovensko : vodná nádrž)  |2 SNKPHgeo  |9 53125 
655 7 |a geografické pohľadnice  |2 SNKPH  |9 70522 
655 7 |a miestne pohľadnice  |2 SNKPH  |9 70510 
700 1 |a Rázusová, Ľubica  |c (grafička)  |4 art  |9 283298 
958 |a GBN 
958 |a GC 
958 |a OND 
999 |c 968520  |d 970450 
952 |a SNK  |b SNK  |y PREZ  |7 0  |p 17A1283485  |o snkSP 146511  |i snk3375/91  |0 0  |1 0  |4 0  |d 2021-06-17  |f 1  |l 0  |r 2026-02-24 10:43:11  |w 2026-02-24 
952 |a SNK  |b SNK  |y PREZ  |7 0  |p 17A1283484  |o snkSP 146511 D1  |i snk3376/91  |0 0  |1 0  |4 0  |d 2021-06-17  |l 0  |r 2026-02-24 10:43:11  |w 2026-02-24